000 00887nam a2200253Ia 4500
003 OSt
005 20220923211547.0
006 a|||||r|||| 00| 0
007 ta
008 Pun
020 _a9789384138929 (hbk)
_c150
024 _a324,091
037 _b1009, 15/01/2018, H.K. Prakashan
_cTextual
040 _aARTS
_cARTS
_bPun
041 _2Pun
_aPun
082 _aR, 153Q6
100 _aਕਾਹਲੋ੍ਵ, ਹਰਭਜਨ ਸਿੰਘ, ਂਚ.
245 0 _aਸੁਹਜ Fਾਸਤਰ
_b ਸਿਧਾਂਤ ਤੇ ਇਤਿਹਾਸ
260 _aਅੰਮ੍ਰਿਤਸਰ
_b ਕੇ. ਜੀ. ਗ੍ਰਾਖ਼ਿਕਸ
_c2016
300 _a128ਪੰ
_ccm.
650 _aਦਰFਨ Fਾਸਤਰ
_9159399
942 _hR, 153Q6
_cTEXL
_2CC
999 _c300796
_d300796